000 00281nam a2200121Ia 4500
008 190216s9999||||xx |||||||||||||| ||und||
100 _aVaish M C
245 0 _aMacro Economic Theory
260 _bVikas Publishing House
_c1973
300 _a510p
650 _aEconomics
942 _cBK
999 _c9745
_d9745